Der Verzicht auf Entschädigung für Strafverfolgungsmaßnahmen: zugleich ein Beitrag zur Problematik strafprozessualer Absprachen
| Main Author: | |
|---|---|
| Format: | Print Book |
| Language: | German |
| Published: |
Berlin
Duncker und Humblot
1997
|
| In: |
Strafrechtliche Abhandlungen (N.F., 103)
Year: 1997 |
| Online Access: |
Inhaltstext (Publisher) Table of Contents |
| Check availability: | HBZ Gateway |
| Subito Delivery Service: | Order now. |
| Keywords: |
MARC
| LEADER | 00000cam a2200000 c 4500 | ||
|---|---|---|---|
| 001 | 231070128 | ||
| 003 | DE-627 | ||
| 005 | 20260206201122.0 | ||
| 007 | tu | ||
| 008 | 970722s1997 gw ||||| m 00| ||ger c | ||
| 015 | |a 97,N31,0290 |2 dnb | ||
| 015 | |a 97,A38,0404 |2 dnb | ||
| 016 | 7 | |a 950870951 |2 DE-101 | |
| 020 | |a 3428087798 |c : DM 148.00, S 1080.00, sfr 131.00 (kart.) |9 3-428-08779-8 | ||
| 035 | |a (DE-627)231070128 | ||
| 035 | |a (DE-603)053389344 | ||
| 035 | |a (DE-576)06059957X | ||
| 035 | |a (DE-599)GBV231070128 | ||
| 035 | |a (OCoLC)845464001 | ||
| 035 | |a (OCoLC)38737882 | ||
| 040 | |a DE-627 |b ger |c DE-627 |e rakwb | ||
| 041 | |a ger | ||
| 044 | |c XA-DE | ||
| 084 | |a 19 |2 sdnb | ||
| 084 | |a PH 5420 |2 rvk |0 (DE-625)rvk/136205: | ||
| 084 | |a PH 5150 |2 rvk |0 (DE-625)rvk/136186: | ||
| 084 | |a PH 2100 |2 rvk |0 (DE-625)rvk/135978: | ||
| 084 | |a 86.36 |2 bkl | ||
| 100 | 1 | |8 1\p |a Friehe, Sabine |d 1960- |0 (DE-588)173122116 |0 (DE-627)698044819 |0 (DE-576)133973670 |4 aut | |
| 109 | |a Friehe, Sabine 1960- |a Haustein, Sabine 1960- | ||
| 245 | 1 | 4 | |a Der Verzicht auf Entschädigung für Strafverfolgungsmaßnahmen |b zugleich ein Beitrag zur Problematik strafprozessualer Absprachen |c von Sabine Friehe |
| 263 | |a brosch. : DM 148.00, S 1080.00, sfr 131.00 | ||
| 264 | 1 | |a Berlin |b Duncker und Humblot |c 1997 | |
| 300 | |a 755 S |c 24 cm | ||
| 336 | |a Text |b txt |2 rdacontent | ||
| 337 | |a ohne Hilfsmittel zu benutzen |b n |2 rdamedia | ||
| 338 | |a Band |b nc |2 rdacarrier | ||
| 490 | 1 | |a Strafrechtliche Abhandlungen |v N.F., 103 | |
| 502 | |a Zugl.: München, Univ., Diss. : 1995-1996 | ||
| 655 | 7 | |a Hochschulschrift |0 (DE-588)4113937-9 |0 (DE-627)105825778 |0 (DE-576)209480580 |2 gnd-content | |
| 689 | 0 | 0 | |d s |0 (DE-588)4183495-1 |0 (DE-627)105302287 |0 (DE-576)210018992 |a Strafverfolgungsmaßnahme |2 gnd |
| 689 | 0 | 1 | |d s |0 (DE-588)4014900-6 |0 (DE-627)106338331 |0 (DE-576)208909850 |a Entschädigung |2 gnd |
| 689 | 0 | 2 | |d s |0 (DE-588)4188174-6 |0 (DE-627)105266612 |0 (DE-576)210051108 |a Verzicht |2 gnd |
| 689 | 0 | 3 | |d s |0 (DE-588)4116634-6 |0 (DE-627)105805297 |0 (DE-576)209503203 |a Strafverfahren |2 gnd |
| 689 | 0 | 4 | |d s |0 (DE-588)4122399-8 |0 (DE-627)105762725 |0 (DE-576)209551062 |a Verständigung |2 gnd |
| 689 | 0 | |5 DE-101 | |
| 751 | |a München |0 (DE-588)4127793-4 |0 (DE-627)105722073 |0 (DE-576)209596570 |4 uvp | ||
| 830 | 0 | |a Strafrechtliche Abhandlungen |v N.F., 103 |9 NF,103 |w (DE-627)130113891 |w (DE-576)015644383 |w (DE-600)504194-6 |x 0720-7271 |7 am | |
| 856 | 4 | 2 | |u https://swbplus.bsz-bw.de/bsz06059957xvlg.htm |m B:DE-576;dunckerHumblot |q text/html |v 20090602182618 |x Verlag |3 Inhaltstext |7 1 |
| 856 | 4 | 2 | |u https://www.gbv.de/dms/spk/sbb/toc/272332747.pdf |m V:DE-601 |m B:DE-1 |q pdf/application |3 Inhaltsverzeichnis |7 1 |
| 883 | |8 1\p |a cgwrk |d 20241001 |q DE-101 |u https://d-nb.info/provenance/plan#cgwrk | ||
| 889 | |w (DE-627)272332747 | ||
| 935 | |i Blocktest | ||
| 935 | |h HEB |i 0501 | ||
| 935 | |h HEB |i 0503 | ||
| 936 | r | v | |a PH 5420 |b Einzeldarstellungen |k Rechtswissenschaft |k Strafrecht, Strafverfahrensrecht, Kriminologie |k Gnadenrecht (Amnestie, Straffreiheitsgesetz, Strafentschädigung) |k Einzeldarstellungen |0 (DE-627)1272237370 |0 (DE-625)rvk/136205: |0 (DE-576)202237370 |
| 936 | r | v | |a PH 5150 |b Sonstige Einzeldarstellungen |k Rechtswissenschaft |k Strafrecht, Strafverfahrensrecht, Kriminologie |k Strafverfahrensrecht |k Sonstige Einzeldarstellungen |0 (DE-627)1271954761 |0 (DE-625)rvk/136186: |0 (DE-576)201954761 |
| 936 | r | v | |a PH 2100 |b Schriftenreihen, Serien |k Rechtswissenschaft |k Strafrecht, Strafverfahrensrecht, Kriminologie |k Allgemeines und Geschichte |k Allgemeines |k Schriftenreihen, Serien |0 (DE-627)1275295363 |0 (DE-625)rvk/135978: |0 (DE-576)205295363 |
| 936 | b | k | |a 86.36 |j Strafprozessrecht |0 (DE-627)106413570 |
| 936 | s | n | |a p100 |2 mzub |
| 951 | |a BO | ||
| ELC | |b 1 | ||
| LOK | |0 000 xxxxxcx a22 zn 4500 | ||
| LOK | |0 001 3199580297 | ||
| LOK | |0 003 DE-627 | ||
| LOK | |0 004 231070128 | ||
| LOK | |0 005 20151116135106 | ||
| LOK | |0 008 150728||||||||||||||||ger||||||| | ||
| LOK | |0 035 |a (DE-21-110)kd52324 | ||
| LOK | |0 040 |a DE-21-110 |c DE-627 |d DE-21-110 | ||
| LOK | |0 689 |a s |a Strafverfahren | ||
| LOK | |0 689 |a s |a Strafverfolgungsmassnahmen | ||
| LOK | |0 689 |a s |a Absprachen | ||
| LOK | |0 689 |a s |a Strafverfolgungsentschädigung | ||
| LOK | |0 689 |a s |a Entschädigung | ||
| LOK | |0 852 |z Kein Bestand am IfK; Nachweis für KrimDok | ||
| LOK | |0 852 |a DE-21-110 | ||
| LOK | |0 852 1 |9 00 | ||
| LOK | |0 935 |a k110 | ||
| LOK | |0 939 |a 28-07-15 |b l01 | ||
| ORI | |a SA-MARC-krimdoka001.raw | ||
